Od historického vývoja znalostí ku vzniku intelektuálneho kapitálu
Historický vývoj znalostí. Šveiby - jeden z prvých predstaviteľov pojmu znalostný manažment. Historický vývoj intelektuálneho kapitálu.
Salvato in:
| Autore principale: | |
|---|---|
| Natura: | Capitolo di libro |
| Lingua: | slovacco |
| Soggetti: | |
| Tags: |
Nessun Tag, puoi essere il primo ad aggiungerne!!
|
MARC
| LEADER | 00000nla a2200000 4500 | ||
|---|---|---|---|
| 001 | 0164945 | ||
| 005 | 20240502072858.8 | ||
| 041 | 0 | |a slo | |
| 044 | |a SK | ||
| 245 | 1 | 0 | |a Od historického vývoja znalostí ku vzniku intelektuálneho kapitálu |c Daniela Romanová |
| 520 | |a Historický vývoj znalostí. Šveiby - jeden z prvých predstaviteľov pojmu znalostný manažment. Historický vývoj intelektuálneho kapitálu. | ||
| 610 | 2 | 0 | |a vedomosti |
| 610 | 2 | 0 | |a manažment znalostný |
| 610 | 2 | 0 | |a ekonomika vedomostná |
| 610 | 2 | 0 | |a kapitál intelektuálny |
| 100 | 1 | |a Romanová, Daniela, 1984- | |